DEP : Diplomacia, estrategia y política
Guardado en:
| Formato: | Seriadas |
|---|---|
| Idioma: | Spanish |
| Publicado: |
Brasília :
Proyecto Raúl Prebisch,
2006
|
| Etiquetas: |
Agregar Etiqueta
Sin Etiquetas, Sea el primero en etiquetar este registro!
|
| LEADER | 00493nas a22001335a 4500 | ||
|---|---|---|---|
| 001 | DER.der001328 | ||
| 005 | 20171114000000.0 | ||
| 008 | 180615s2006####||||||||||||||||||||spa|| | ||
| 245 | 1 | 0 | |a DEP : |b Diplomacia, estrategia y política |
| 260 | |a Brasília : |b Proyecto Raúl Prebisch, |c 2006 | ||
| 500 | 1 | |a Editada en portugués, español e inglés | |
| 859 | |a DERECHO |b BIB. DERECHO |h 327 (05) |i DEP |p 003407 | ||
| 859 | |a DERECHO |b BIB. DERECHO |h 327 (05) |i DEP |p 003901 | ||
| 859 | |a DERECHO |b BIB. DERECHO |h 327 (05) |i DEP |p 003899 | ||
